US Presidents' States of Primary Affiliation - Statistics

General Stats
  • This quiz has been taken 31 times
  • The average score is 18 of 19
Answers on the Map
Answers color-coded by a green-red scale on the quiz's map according to % correct below.
 
Answer Stats
# State % Correct
3 California
100%
3 Illinois
100%
1 Indiana
100%
1 Kentucky
100%
7 New York
100%
6 Ohio
100%
1 Pennsylvania
100%
3 Texas
100%
5 Virginia
100%
1 Georgia
95%
4 Massachusetts
95%
1 Missouri
95%
1 Arkansas
91%
1 Delaware
91%
1 Michigan
91%
1 New Jersey
91%
3 Tennessee
91%
1 New Hampshire
86%
1 Kansas
82%
No matching quizzes found
Score Distribution
Percent of People with Each Score
Percentile by Number Answered
Your Score History
You have not taken this quiz